Library Banner

Civil law judgments [1992, CLJ, Vol.XV] / (Record no. 111304)

MARC details
000 -LEADER
fixed length control field 00446nam a22001457a 4500
005 - DATE AND TIME OF LATEST TRANSACTION
control field 20190329093100.0
008 - FIXED-LENGTH DATA ELEMENTS--GENERAL INFORMATION
fixed length control field 190315b ||||| |||| 00| 0 eng d
040 ## - CATALOGING SOURCE
Transcribing agency PK-LaUMT
082 ## - DEWEY DECIMAL CLASSIFICATION NUMBER
Classification number 347.5491077
Item number CIV-
245 ## - TITLE STATEMENT
Title Civil law judgments [1992, CLJ, Vol.XV] /
Statement of responsibility, etc edited by M. Farani, of Lincoln's Inn . . . [et al.]
260 ## - PUBLICATION, DISTRIBUTION, ETC. (IMPRINT)
Place of publication, distribution, etc Lahore :
Name of publisher, distributor, etc National Law Reporter,
Date of publication, distribution, etc 1992
300 ## - PHYSICAL DESCRIPTION
Extent 800 p
650 ## - SUBJECT ADDED ENTRY--TOPICAL TERM
Topical term or geographic name as entry element NLR Civil law judgments
942 ## - ADDED ENTRY ELEMENTS (KOHA)
Koha item type Books
Holdings
Withdrawn status Lost status Damaged status Home library Current library Date acquired Full call number Barcode Date last seen Price effective from Koha item type
      UMT Main Campus UMT Main Campus 2019-03-15 346.00264 CIV- 347.5491077 2019-03-15 2019-03-15 Books